Представление документа в формате RUSMARC

ПолеНазваниеЗначение
  Тип записи a
  Библиографический уровень a
001 Контрольный номер UONB/MAIN/ece23a5b5bd14457bf425be9b7b8caa6
005 Дата корректировки 20260425165428.8
100 Данные общей обработки __
a Данные общей обработки 20260424 ||| 0rusy0189 ca
101 Язык документа 0_
a Язык текста rus
102 Страна публикации __
a Страна публикации RU
200 Заглавие и сведения об ответственности 1_
a Заглавие Остается до неба чуть-чуть...
e Сведения, относящиеся к заглавию стихи
f Первые сведения об ответственности А. Шуралев
203 Вид содержания и тип средства __
a Вид содержания Текст
b Характеристика содержания визуальный
c Тип средства непосредственный
327 Примечание о содержании 01
a Примечание о содержании Тень эха...
a Примечание о содержании Воспоминание...
a Примечание о содержании Цветенье цикория...
a Примечание о содержании Осенние листья...
a Примечание о содержании Восхождение...
461 Уровень набора _0
1 2000
a Москва
1 011
a 0131-2332
463 Уровень физической единицы _0
1 2000
a № 4
v С. 50-53
1 2101
d 2026
1 001UONB/MAIN/6d325bd886904b3a98c3ff0a81559958
517 Другие варианты заглавия 1_
a Другие варианты заглавия Тень эха...
517 Другие варианты заглавия 1_
a Другие варианты заглавия Воспоминание...
517 Другие варианты заглавия 1_
a Другие варианты заглавия Цветенье цикория...
517 Другие варианты заглавия 1_
a Другие варианты заглавия Осенние листья...
517 Другие варианты заглавия 1_
a Другие варианты заглавия Восхождение...
606 Тематические рубрики 0_
a Основная рубрика Художественная литература
606 Тематические рубрики 0_
a Основная рубрика Современная русская литература (произведения)
610 Ключевые слова 0_
a Ключевые слова стихи
610 Ключевые слова 0_
a Ключевые слова тема размышлений о жизни
610 Ключевые слова 0_
a Ключевые слова тема воспоминаний о детстве
610 Ключевые слова 0_
a Ключевые слова тема скоротечности жизни
610 Ключевые слова 0_
a Ключевые слова тема природного пейзажа
686 Индексы других классификаций __
2 Код системы rubbk
700 Автор _1
a Фамилия Шуралев
b Имя (инициалы) А.
g Полное личное имя Александр
4 Код отношения 070
801 Источник записи _0
a Страна RU
b Организация Ульяновская ОНБ
c Дата составления 20260424
g Правила каталогизации RCR
801 Источник записи _1
a Страна RU
b Организация Ульяновская ОНБ
c Дата составления 20260424
g Правила каталогизации RCR
901 Тип документа __
t Тип документа b
w Контрольный № источника UONB/MAIN/6d325bd886904b3a98c3ff0a81559958